Top 15 der betroffenen Covid-19-Länder - 24. September - Statistiken

Allgemein
  • Dieses Quiz wurde 11 mal gespielt
  • Das Durchschnittsergebnis liegt bei 9 aus 24
Antwortstatistiken
Land % Korrekt
Vereinigte Staaten
100%
Brasilien
90%
Indien
80%
Frankreich
70%
Mexiko
70%
Spanien
70%
Vereinigtes Königreich
70%
Russland
60%
Argentinien
50%
Chile
40%
Chile
40%
Kolumbien
40%
Iran
30%
Peru
30%
Südafrika
20%
Bahrain
10%
Bangladesch
10%
Katar
10%
Kuwait
10%
Oman
10%
Armenien
0%
Costa Rica
0%
Israel
0%
Panama
0%
Keine übereinstimmenden Quizze gefunden
Verteilung der Resultate
Anzahl Personen mit jedem Resultat
Perzentil nach korrekt beantworteten Fragen
Ihre Resultats-Entwicklung
Sie haben dieses Quiz noch nicht gespielt